000 004330000a22001810004500
003 MACL
005 20150812121203.0
008 150812b xxu||||| |||| 00| 0 eng d
040 _aMACL
_cMACL
041 _aEnglish
082 _a370.113/MOH
100 _aMohan, V. Vishwa
_94887
245 _aWhat Should I Be?
260 _bV. Divya
_c2005
_aHyderabad
350 _a250
650 _aEducational
_91164
942 _cBK
_k370.113
_2ddc
999 _c2255
_d2255